ბათუმის შოთა რუსთაველის სახელმწიფო უნივერსიტეტის ბიბლიოთეკა

აკრძალული ადგილი : (ბიბ.ჩანაწერი № 57078)

000 -ლიდერი
ფიქსირებული სიგრძის საკონტროლო ველი 01004nam a22002057a 4500
003 - საკონტროლო ნომრის იდენტიფიკატორი
საკონტროლო ველი Ge_BSU
005 - ბოლო ოპერაციის თარიღი და დრო
საკონტროლო ველი 20191112114159.0
008 - ფიქსირებული სიგრძის მონაცემთა ელემენტები - ზოგადი ინფორმაცია
ფიქსირებული სიგრძის საკონტროლო ველი 191112s2019 ||||| |||| 00| 0 geo d
020 ## - წიგნის საერთაშორისო სტანდარტული ნომერი
International Standard Book Number 9789941958809
041 ## - ენის კოდი
Language code of text/sound track or separate title geo
Language code of original and/or intermediate translations of text fr
080 ## - უნივერსალური ათობითი კლასიფიკაციის ინდექსი
Universal Decimal Classification number 821.133.1.03=353.1 ვ-21
100 ## - მთავარი ჩანაწერი - პიროვნების სახელი
Personal name ვარგასი, ფრედ.
9 (RLIN) 5302
245 ## - ცნობა სათაურის შესახებ
Title აკრძალული ადგილი :
Remainder of title დეტექტივი /
Statement of responsibility, etc ფრედ ვარგასი ; ფრანგულ. თარგმ. ემა ობგაიძემ ; ყდის დიზ. მანანა კობახიძე.
264 ## - წარმოების, გამოცემის, დისტრიბუციის და სხვა ცნობები
გამოცემის, წარმოების, დისტრიბუციის... ადგილი თბილისი :
გამოცემის, წარმოების, დისტრიბუციის... სახელწოდება აგორა,
გამოცემის, წარმოების, დისტრიბუციის... თარიღი 2019.
300 ## - ფიზიკური აღწერა
Extent 382 გვ. ;
Dimensions 20 სმ.
653 ## - INDEX TERM--UNCONTROLLED
Uncontrolled term ფრანგული პროზა
700 ## - ADDED ENTRY--PERSONAL NAME
Personal name ობგაიძე, ემა
Relator term ფრანგულიდან თარგმნა
9 (RLIN) 5303
700 ## - ADDED ENTRY--PERSONAL NAME
Personal name კობახიძე, მანანა
Relator term ყდის დიზაინი
9 (RLIN) 5304
942 ## - ADDED ENTRY ELEMENTS (KOHA)
Source of classification or shelving scheme
Koha item type წიგნი
ეგზემპლარები
ჩამოწერის სტატუსი დაკარგული ეგზემპლარის სტატუსი კლასიფიკაციის წყარო ან თაროზე გაწყობის სქემა დაზიანების სტატუსი არ გაიცემა მუდმივი მდებარეობა (დაცვის ადგილი) ამჟამინდელი ადგილსამყოფელი თაროზე განთავსების ადგილი შეძენის თარიღი ღირებულება, შესყიდვის ნორმალური ფასი სრული შენახვის შიფრი შტრიხკოდი ბოლო ოპერაციის თარიღი ეგზემპლარის მიმდევრობითი ნომერი (კეტერი?) ფასის ძალაში შესვლის თარიღი ეგზემპლარის სახეობა საჯარო შენიშვნა
          ბათუმის შოთა რუსთაველის სახელმწიფო უნივერსიტეტის მთავარი ბიბლიოთეკა ბათუმის შოთა რუსთაველის სახელმწიფო უნივერსიტეტის მთავარი ბიბლიოთეკა წიგნსაცავი 2019-11-12 8.00 821.133.1.03=353.1 ვ-21 60208 2019-11-12 60208 2019-11-12 წიგნი 8.00